00439pab a2200145 454500008004000000100001800040245010100058260000900159300001300168362001000181650002300191650002000214700002500234773003400259180718b2012 xxu||||| |||| 00| 0 eng d aJayadev Arjun aHealthcare law in the US and the RTE in India: Steps towards universal provision of social goods c2012 ap.31-36. a1 Sep aRight to education aHealth services aKrishnaswamy, Sudhir aEconomic and Political Weekly